2'35 de plaisir : un document de prevention gay de l'association Vaincre le SIDA /

Gespeichert in:
Bibliographische Detailangaben
Körperschaft: Vaincre le SIDA
Weitere Verfasser: Guyomar, Dominique
Format: Dia
Sprache:Französisch
Veröffentlicht: Paris : Association Vaincre le SIDA, c1997
Tags: Tag hinzufügen
Keine Tags, Fügen Sie das erste Tag hinzu!

MARC

LEADER 00000ngm a22000007i 4500
001 IT\ICCU\UBO\2110301
003 ItRI
005 20260124182818.0
008 070926s1997 fr |||||||||||||||k|||||c
040 |b ita 
041 7 |a fre  |2 ISO-639-2 
245 0 0 |a 2'35 de plaisir :  |b un document de prevention gay de l'association Vaincre le SIDA /  |c conception et realisation Dominique Guyomar. 
246 1 3 |a 2' 35 de plaisir <videoregistrazione>  |9 IT\ICCU\UBO\3288372 
260 |a Paris :  |b Association Vaincre le SIDA,  |c c1997 
300 |a 1 videocassetta (VHS) :  |b color, son 
500 |a Tit. del contenitore 
500 |a Documentario del 1997, prod. Francia; interpreti: Julien Lopez, Pascal Le Pabic ... [et al.]. 
700 1 |a Guyomar, Dominique  |0 IT\ICCU\UBOV\189228 
710 2 |a Vaincre le SIDA  |0 IT\ICCU\UBOV\189230 
942 |2 ddc  |c VM  |n 0 
952 |0 0  |1 0  |4 0  |6 VO_404_000000000000000  |7 0  |9 26736  |a BO  |b BO  |d 2026-01-24  |i 6984  |l 0  |o VO 404  |p BO6984  |r 2026-01-24 18:28:18  |w 2026-01-24  |x [Sebina 5] [1 videocassetta]  |y VM  |z 1 videocassetta 
999 |c 22612  |d 22612